| 000 | 00468nam a22001457a 4500 | ||
|---|---|---|---|
| 082 | _aP14 | ||
| 100 |
_aImran Ali _947750 |
||
| 245 |
_aComputer aided design of mat foundation of under ground command post of corps headquarters _cmurtaz sarwar, Anjum Iqbal, Muhammad Amjad, Iftikhar Kakar, Tauqir Awan |
||
| 260 |
_aMCE _bMCE |
||
| 300 | _a118 | ||
| 526 |
_a0 _b0 _c0 _dP_000000000000000_14 |
||
| 650 | _aProject | ||
| 700 |
_aNasrullah Abeer _947638 |
||
| 942 |
_2ddc _cBK |
||
| 999 |
_c550898 _d550898 |
||